Logo BPK

Biblioteka

Politechniki Koszalińskiej

East Asia : (Rekord nr 41303)

Szczegóły MARC
000 -ETYKIETA REKORDU
podpole kontrolne o stałej długości 00809nam a2200277 i 4500
001 - NUMER KONTROLNY REKORDU
pole kontrolne bgj
020 ## - MIĘDZYNARODOWY ZNORMALIZOWANY NUMER KSIĄŻKI - ISBN
ISBN 039525812X (hbk)
040 ## - ŹRÓDŁO KATALOGOWANIA
Instytucja, która utworzyła rekord BPK
041 0# - KOD JĘZYKA
Kod języka tekstu eng
920 ## - Międzynarodowy znormalizowany numer książki – ISBN
ISBN 0-395-25812-X (hbk)
008 - POLE O STAŁEJ DŁUGOŚCI - DANE KONTROLNE
podpole kontrolne o stałej długości s uk f |000 0 eng
100 1# - NAZWA OSOBOWA
Nazwa osobowa FAIRBANK, John K.
245 10 - TYTUŁ/ODPOWIEDZIALNOŚĆ
Tytuł East Asia :
Ciąg dalszy tytułu tradition & transformation /
Pozostałe elementy strefy tytułu i oznaczenia odpowiedzialności John K. Fairbank, Edwin O. Reischauer, Albert M. Craig.
250 ## - STREFA WYDANIA
Oznaczenie wydania New impr.
260 ## - STREFA ADRESU WYDAWNICZEGO
Miejsce wydania Boston :
Nazwa wydawcy/dystrybutora Houghton Mifflin,
Data publikacji, dystrybucji/powstania dokumentu c. 1978.
300 ## - STREFA OPISU FIZYCZNEGO
Objętość XVI, 982 pp, 16 pp colour plates :
Inne cechy fizyczne facs., maps, photos.
505 ## - SFORMALIZOWANA UWAGA DOTYCZĄCA ZAWARTOŚCI
Pełny tekst uwagi Includes index.
651 #9 - HASŁO PRZEDMIOTOWE W FORMIE NAZWY GEOGRAFICZNEJ
Nazwa geograficzna Asia
Określnik ogólny History
651 #9 - HASŁO PRZEDMIOTOWE W FORMIE NAZWY GEOGRAFICZNEJ
Nazwa geograficzna China
Określnik ogólny History
651 #9 - HASŁO PRZEDMIOTOWE W FORMIE NAZWY GEOGRAFICZNEJ
Nazwa geograficzna Vietnam
Określnik ogólny History
651 #9 - HASŁO PRZEDMIOTOWE W FORMIE NAZWY GEOGRAFICZNEJ
Nazwa geograficzna Korea
Określnik ogólny History
651 #9 - HASŁO PRZEDMIOTOWE W FORMIE NAZWY GEOGRAFICZNEJ
Nazwa geograficzna Japan
Określnik ogólny History
700 1# - HASŁO DODATKOWE - NAZWA OSOBOWA
Nazwa osobowa REISCHAUER, Edwin
700 1# - HASŁO DODATKOWE - NAZWA OSOBOWA
Nazwa osobowa CRAIG, Albert M.
856 ## - LOKALIZACJA I DOSTĘP DO ELEKTRONICZNYCH DOKUMENTÓW ZDALNYCH
Link (URL) http://koha.tu.koszalin.pl/cgi-bin/koha/opac-detail.pl?biblionumber=41303
Tekst linku Katalog online BPK
942 ## - DODATKOWE ELEMENTY (KOHA)
Typ dokumentu Książka
Egzemplarze
Wycofany Status egzemplarza Uszkodzony Dostępność Lokalizacja stała Lokalizacja bieżąca Miejsce przechowywania Sygnatura Kod kreskowy Typ dokumentu
      Tylko na miejscu Biblioteka Politechniki Koszalińskiej Biblioteka Politechniki Koszalińskiej Czytelnia Wydziałowa ul. Kwiatkowskiego 6e KA 1614 09017290 Książka
© 2023 Biblioteka Politechniki Koszalińskiej :: KOHA